MARC details
| 000 -LEADER |
| fixed length control field |
01641cam a2200445 a 4500 |
| 001 - CONTROL NUMBER |
| control field |
21523 |
| 003 - CONTROL NUMBER IDENTIFIER |
| control field |
VRT |
| 005 - DATE AND TIME OF LATEST TRANSACTION |
| control field |
20260303150849.0 |
| 008 - FIXED-LENGTH DATA ELEMENTS--GENERAL INFORMATION |
| fixed length control field |
250428s1989 ru 000 0 slo |
| 015 ## - NATIONAL BIBLIOGRAPHY NUMBER |
| National bibliography number |
SNBZSA1990 |
| 020 ## - INTERNATIONAL STANDARD BOOK NUMBER |
| International Standard Book Number |
5050023165 |
| Terms of availability |
1,40 Rbl. |
| 035 ## - SYSTEM CONTROL NUMBER |
| System control number |
SNK000120635 |
| 035 ## - SYSTEM CONTROL NUMBER |
| System control number |
urn:nbn:sk:snk-amlm18 |
| 035 ## - SYSTEM CONTROL NUMBER |
| System control number |
urn:nbn:sk:snk-am00bymf |
| 035 ## - SYSTEM CONTROL NUMBER |
| System control number |
FC5515E0-2D97-4EBC-8DDC-E450EBE46B1C |
| 039 #9 - LEVEL OF BIBLIOGRAPHIC CONTROL AND CODING DETAIL [OBSOLETE] |
| Level of rules in bibliographic description |
202504280856 |
| Level of effort used to assign nonsubject heading access points |
VLOAD |
| Level of effort used to assign subject headings |
202410010903 |
| Level of effort used to assign classification |
msnk115 |
| Level of effort used to assign subject headings |
202403151850 |
| Level of effort used to assign classification |
VLOAD |
| Level of effort used to assign subject headings |
202402261825 |
| Level of effort used to assign classification |
VLOAD |
| 040 ## - CATALOGING SOURCE |
| Original cataloging agency |
SNK |
| Language of cataloging |
slo |
| Transcribing agency |
SNK |
| Description conventions |
AACR2 |
| 041 1# - LANGUAGE CODE |
| Language code of text/sound track or separate title |
slo |
| Language code of original |
rus |
| 044 ## - COUNTRY OF PUBLISHING/PRODUCING ENTITY CODE |
| MARC country code |
ru |
| ISO country code |
RU |
| 080 ## - UNIVERSAL DECIMAL CLASSIFICATION NUMBER |
| Universal Decimal Classification number |
528.2(087.5) |
| Edition identifier |
1981 |
| 100 1# - MAIN ENTRY--PERSONAL NAME |
| Personal name |
Tomilin, Anatolij |
| Relationship |
aut |
| 240 10 - UNIFORM TITLE |
| Uniform title |
Kak ľudi iskali formy Zemli |
| Language of a work |
Slovensky |
| 245 10 - TITLE STATEMENT |
| Title |
Ako ľudia objavovali tvar Zeme |
| Statement of responsibility, etc. |
Anatolij Tomilin ; Prel. Vlasta Ballová ; Ilustr. Jurij Smoľnikov |
| 250 ## - EDITION STATEMENT |
| Edition statement |
1. vyd. |
| 260 ## - PUBLICATION, DISTRIBUTION, ETC. |
| Place of publication, distribution, etc. |
Moskva |
| Name of publisher, distributor, etc. |
Raduga |
| Date of publication, distribution, etc. |
1989 |
| Place of manufacture |
Leningrad |
| Manufacturer |
Tipografija imeni Ivana Fedorova |
| 300 ## - PHYSICAL DESCRIPTION |
| Extent |
81 s. |
| Other physical details |
Mp. Obr. |
| Dimensions |
26 cm |
| 366 ## - TRADE AVAILABILITY INFORMATION |
| Note |
15075 výtl. |
| 500 ## - GENERAL NOTE |
| General note |
Ilustr. na predsádkach. Tir. v ruš. |
| 650 07 - SUBJECT ADDED ENTRY--TOPICAL TERM |
| Topical term or geographic name entry element |
ľudstvo |
| Source of heading or term |
SNKPH |
| 651 #7 - SUBJECT ADDED ENTRY--GEOGRAPHIC NAME |
| Geographic name |
Zem (planéta) |
| Source of heading or term |
SNKPH |
| 655 #7 - INDEX TERM--GENRE/FORM |
| Genre/form data or focus term |
publikácie pre deti |
| Source of term |
SNKPH |
| 655 #7 - INDEX TERM--GENRE/FORM |
| Genre/form data or focus term |
populárno-náučné publikácie |
| Source of term |
SNKPH |
| 700 1# - ADDED ENTRY--PERSONAL NAME |
| Personal name |
Ballová, Vlasta |
| Relationship |
trl |
| 700 1# - ADDED ENTRY--PERSONAL NAME |
| Personal name |
Smoľnikov, Jurij |
| Relationship |
ill |
| 942 ## - ADDED ENTRY ELEMENTS (KOHA) |
| Source of classification or shelving scheme |
Dewey Decimal Classification |
| Koha item type |
Odborná literatúra pre deti |
| Suppress in OPAC |
No |
| 949 ## - LOCAL PROCESSING INFORMATION (OCLC) |
| 6 |
17A0573053 |
| a |
snkSB 46470 D2 |
| b |
snk2007/26285 |
| o |
Antikvariát Nazca, Žilinač.f. 4/2007 |
| 949 ## - LOCAL PROCESSING INFORMATION (OCLC) |
| 6 |
17A0150988 |
| 9 |
snkTOM 528.9 |
| a |
snkSB 46470 D1 |
| b |
snkV 1326/90 |
| 949 ## - LOCAL PROCESSING INFORMATION (OCLC) |
| 6 |
17A0071204 |
| 9 |
P60, <03>, [BOOK], {603} |
| a |
snkSB 46470 |
| s |
6100:20160606 |